LIBRARY & INFORMATION CENTRE, KCAET, TAVANUR

ONLINE PUBLIC ACCESS CATALOGUE (OPAC)

New Perspective for Energy savings in Agriculture:Current Progress in solar Technologies./ Vol- 2 (Record no. 3416)

MARC details
000 -LEADER
fixed length control field 00541cam a2200181ua 4500
020 ## - INTERNATIONAL STANDARD BOOK NUMBER
ISBN 90 277 2319 2
082 ## - DEWEY DECIMAL CLASSIFICATION NUMBER
Classification number 630.
Item number GOE/NE
100 ## - MAIN ENTRY--AUTHOR NAME
Personal name Goedseels, V .
245 ## - TITLE STATEMENT
Title New Perspective for Energy savings in Agriculture:Current Progress in solar Technologies./ Vol- 2
250 ## - EDITION STATEMENT
Edition statement 1 /
260 ## - PUBLICATION, DISTRIBUTION, ETC. (IMPRINT)
Place of publication Tokya :
Name of publisher D riedel publishing company ,
Year of publication 1986.
300 ## - PHYSICAL DESCRIPTION
Number of Pages 482 ; .
700 1# - ADDED ENTRY--PERSONAL NAME
Personal name Avermaete, U .
700 1# - ADDED ENTRY--PERSONAL NAME
Personal name Buis, H .
700 1# - ADDED ENTRY--PERSONAL NAME
Personal name Palz, W .
700 1# - ADDED ENTRY--PERSONAL NAME
Personal name Stuyft, Vander E .
942 ## - ADDED ENTRY ELEMENTS (KOHA)
Koha item type Reference
Holdings
Withdrawn status Lost status Damaged status Collection code Home library Current library Date acquired Full call number Accession Number Koha item type
      Reference KAUAET KAUAET 07/04/2012 630.GOE/NE 19914 Reference
free website counter